Анализ электростатического поля нестационарного слаботочного плазмотрона в предпробойной стадии; Молодежь и современные информационные технологии; Т. 1

Bibliographic Details
Parent link:Молодежь и современные информационные технологии: сборник трудов XIV Международной научно-практической конференции студентов, аспирантов и молодых ученых, г. Томск, 7-11 ноября 2016 г./ Национальный исследовательский Томский политехнический университет (ТПУ), Институт кибернетики (ИК) ; под ред. В. С. Аврамчук [и др.].— , 2016
Т. 1.— 2016.— [С. 188-189]
Main Author: Аргунов Г. А.
Corporate Author: Национальный исследовательский Томский политехнический университет (ТПУ)
Other Authors: Нехорошев В. О. (научный руководитель)
Summary:Заглавие с титульного экрана
Language:Russian
Published: 2016
Series:Математическое моделирование и компьютерный анализ данных
Subjects:
Online Access:http://earchive.tpu.ru/handle/11683/36992
Format: MixedMaterials Electronic Book Chapter
KOHA link:https://koha.lib.tpu.ru/cgi-bin/koha/opac-detail.pl?biblionumber=622144

MARC

LEADER 00000naa2a2200000 4500
001 622144
005 20231101133209.0
035 |a (RuTPU)RU\TPU\conf\20796 
035 |a RU\TPU\conf\20790 
090 |a 622144 
100 |a 20170207d2016 k y0rusy50 ca 
101 0 |a rus  |g rus 
102 |a RU 
105 |a y z 101zy 
135 |a drcn ---uucaa 
181 0 |a i  
182 0 |a b 
200 1 |a Анализ электростатического поля нестационарного слаботочного плазмотрона в предпробойной стадии  |f Г. А. Аргунов  |g науч. рук. В. О. Нехорошев 
203 |a Текст  |c электронный 
225 1 |a Математическое моделирование и компьютерный анализ данных 
230 |a 1 компьютерный файл (pdf; 629 Кb) 
300 |a Заглавие с титульного экрана 
320 |a [Библиогр.: с. 189 (8 назв.)] 
461 1 |0 (RuTPU)RU\TPU\conf\20573  |t Молодежь и современные информационные технологии  |o сборник трудов XIV Международной научно-практической конференции студентов, аспирантов и молодых ученых, г. Томск, 7-11 ноября 2016 г.  |o в 2 т.  |f Национальный исследовательский Томский политехнический университет (ТПУ), Институт кибернетики (ИК) ; под ред. В. С. Аврамчук [и др.]  |d 2016 
463 0 |0 (RuTPU)RU\TPU\conf\20574  |t Т. 1  |v [С. 188-189]  |d 2016 
610 1 |a труды учёных ТПУ 
610 1 |a электронный ресурс 
610 1 |a электростатическое поле 
610 1 |a плазмотроны 
610 1 |a предпробойные процессы 
610 1 |a компьютерное моделирование 
610 1 |a пробой 
610 1 |a плазменные технологии 
610 1 |a плазменная обработка 
610 1 |a компьютерный анализ 
700 1 |a Аргунов  |b Г. А. 
702 1 |a Нехорошев  |b В. О.  |4 727 
712 0 2 |a Национальный исследовательский Томский политехнический университет (ТПУ)  |c (2009- )  |2 stltpush  |3 (RuTPU)RU\TPU\col\15902 
801 2 |a RU  |b 63413507  |c 20170210  |g RCR 
856 4 |u http://earchive.tpu.ru/handle/11683/36992 
942 |c BK